Ko ahavu the vai(കോ അഹാവു തെ വായി) (Record no. 114300)

MARC details
000 -LEADER
fixed length control field 00459 a2200157 4500
005 - DATE AND TIME OF LATEST TRANSACTION
control field 20260330113747.0
008 - FIXED-LENGTH DATA ELEMENTS--GENERAL INFORMATION
fixed length control field 250609b |||||||| |||| 00| 0 eng d
020 ## - INTERNATIONAL STANDARD BOOK NUMBER
International Standard Book Number 9789385253850
080 ## - UNIVERSAL DECIMAL CLASSIFICATION NUMBER
Universal Decimal Classification number FM
Item number APA/K
100 ## - MAIN ENTRY--PERSONAL NAME
Personal name Aparna Kurup
245 ## - TITLE STATEMENT
Title Ko ahavu the vai(കോ അഹാവു തെ വായി)
260 ## - PUBLICATION, DISTRIBUTION, ETC. (IMPRINT)
Name of publisher, distributor, etc Green pepper publica
Place of publication, distribution, etc Thiruvananthapuram
Date of publication, distribution, etc 2023
300 ## - PHYSICAL DESCRIPTION
Extent 128p
653 ## - INDEX TERM--UNCONTROLLED
Uncontrolled term Fiction - Novel - Malayalam Literature
942 ## - ADDED ENTRY ELEMENTS (KOHA)
item type Books
Holdings
Lost status Source of classification or shelving scheme Not for loan Home library Current library Shelving location Date acquired Cost, normal purchase price Total Checkouts Full call number Barcode Date last seen Cost, replacement price Price effective from Koha item type
  Universal Decimal Classification Not For Loan University Library University Library On Display 14/02/2025 126.67   FM APA/K 00096651 14/02/2025 190.00 14/02/2025 Books
University Library, CUSAT